| 000 | 00792nam a22002537a 4500 | ||
|---|---|---|---|
| 005 | 20170124105952.0 | ||
| 010 | _aA-540967 | ||
| 020 |
_c00.00 _a8121002885 |
||
| 035 | _aA-540967 | ||
| 037 | _bCen Lib/Ret | ||
| 040 |
_aDPL _bEN |
||
| 082 |
_a338.4791 _bTEJ |
||
| 100 |
_aTej Veer Singh _913741 |
||
| 245 |
_aTourism environment : _cedited by Tej Veer Singh...[et al.] _bnature cullture economy / |
||
| 246 | _b | ||
| 260 |
_bInteri-India Publiications _aNew Delhi _c1991 |
||
| 270 |
_aD-17, Raja Garden _bNew Delhi _e110015 |
||
| 300 |
_a343p. : _c24cm(Hb) _bill. |
||
| 500 | _aIncludes bibliographical references and index. | ||
| 650 |
_aTourism. _913742 |
||
| 650 |
_aTourismus. _913743 |
||
| 700 |
_aTej Veer Singh _913744 |
||
| 942 |
_2ddc _cEN _h338.4791 _mTEJ |
||
| 999 |
_c125329 _d125329 |
||